|
|
|
|
| LEADER |
01536nam a2200313 a 4500 |
| 001 |
011461941-7 |
| 008 |
091007s1998 dcua b 000 0 eng d |
| 020 |
|
|
|a 9282849910
|
| 020 |
|
|
|a 9789282849910
|
| 040 |
|
|
|a DJB
|c DJB
|d OCLCQ
|
| 082 |
0 |
0 |
|a 362.1/969792/0091724
|2 21
|
| 245 |
0 |
0 |
|a Confronting AIDS :
|b evidence from the developing world : selected background papers for the World Bank policy research report, Confronting AIDS: public priorities in a global epidemic /
|c edited by Martha Ainsworth, Lieve Fransen, and Mead Over.
|
| 246 |
3 |
0 |
|a Selected background papers for the World Bank policy research report
|
| 246 |
3 |
0 |
|a Confronting AIDS: public priorities in a global epidemic
|
| 260 |
|
|
|a Brussels, Belgium :
|b European Commission ;
|a Washington, D.C. :
|b World Bank,
|c c1998.
|
| 300 |
|
|
|a viii, 354 p. :
|b ill. ;
|c 24 cm.
|
| 504 |
|
|
|a Includes bibliographical references.
|
| 541 |
1 |
|
|e 00007371
|
| 650 |
1 |
2 |
|a Developing Countries.
|
| 650 |
1 |
2 |
|a Acquired Immunodeficiency Syndrome.
|
| 650 |
|
0 |
|a AIDS (Disease)
|z Developing countries.
|
| 650 |
|
0 |
|a AIDS (Disease)
|z Developing countries
|x Prevention.
|
| 700 |
1 |
|
|a Ainsworth, Martha,
|d 1955-
|
| 700 |
1 |
|
|a Over, A. Mead.
|
| 710 |
2 |
|
|a European Commission.
|
| 710 |
2 |
|
|a World Bank.
|
| 852 |
4 |
|
|a Ayesha Abed Library
|j General Shelf.
|
| 999 |
|
|
|c 4318
|d 4318
|
| 952 |
|
|
|0 0
|1 0
|2 ddc
|4 0
|6 362_196979200900000_CON_1998
|7 0
|9 3989
|a BRACUL
|b BRACUL
|c GEN
|d 2009-10-08
|g 0.00
|l 0
|o 362.1969792009 CON
|p 3010007371
|r 2009-10-08
|t 1
|w 2009-10-08
|y BK
|x No price found in the accession register.
|